| 000 | 00491nam a2200181Ia 4500 | ||
|---|---|---|---|
| 005 | 20260429111944.0 | ||
| 008 | 260429s9999||||xx |||||||||||||| ||und|| | ||
| 020 | _a9788184116342 | ||
| 041 | _aEnglish | ||
| 082 |
_a363.7 _bYAD |
||
| 100 | _aYadav, R.S. | ||
| 245 | 0 |
_aFundamentals of environmental science / _cR.S. Yadav |
|
| 260 |
_aNew Delhi : _bSonali Publications, _c2025. |
||
| 300 | _avii, 311 p.; hb | ||
| 650 | _aEnvironmental science | ||
| 700 | _a Yadav, Amit | ||
| 942 | _cTB | ||
| 999 |
_c51603 _d51603 |
||